00000000nam##2200000za#4500
0019.675971
003CaOODSP
00520210624225535
007cr |||||||||||
008150407|1999||||xxc|||||o    f|0| 0 eng|d
040 |aCaOODSP|beng
041 |aeng
041 |afre
043 |an-cn---
0861 |aCS95-214/1999-PDF
24500|aProfile of census tracts in Nanaimo and Victoria |h[electronic resource]
260 |aOttawa - Ontario : |bStatistics Canada |c1999.
500 |aHistorical census publication digitized by Statistics Canada.
590 |a12-44-Supp|b2012-12-13
69007|aCensus|2gcpds
7102 |aStatistics Canada.
792 |tProfil des secteurs de recensement de Nanaimo et Victoria |efre|w(CaOODSP)9.675972
85640|ahttp://publications.gc.ca|qPDF|s11.5 MB|uhttps://publications.gc.ca/collections/collection_2012/statcan/rh-hc/CS95-214-1999.pdf